000 00496nam a2200205Ia 4500
003 OSt
005 20250819121146.0
008 250729s2005 xx 000 0 und d
020 _a978-8131300145
040 _cAL
041 _aeng
082 _a370.15 SINT
100 _aSharan Ram
_9221472
245 _aTeaching of mathematics
260 _aNew Delhi
_bA P H Publishing
_c2005
300 _a276p
650 _aPsychology
_9221473
700 _aSharan Manju
_9221474
942 _2ddc
_cBED
999 _c235028
_d235028